| 000 | 01254nam a22002777a 4500 | ||
|---|---|---|---|
| 005 | 20240530110603.0 | ||
| 008 | 161016s2014 uaabf g b 001 0dara d | ||
| 017 |
_a2014/16012 _bمصر. دار الكتب |
||
| 020 | _a9789774489679 | ||
| 040 |
_aEG-CaGPL _cEG-CaGPL |
||
| 082 |
_221 _a355.30932 _bق/أ م |
||
| 100 | 0 | _aاحمد قدري | |
| 245 | 1 | 2 |
_aالمؤسسة العسكرية المصرية في عصر الامبراطورية 1570 - 1087 ق م / _cتاليف احمد قدري ؛ ترجمة مختار السويفي ؛ محمد العزب موسى ؛ مراجعة محمد جمال الدين مختار . |
| 250 | _aط 1 . | ||
| 260 |
_aالقاهرة : _bالهيئة المصرية العامة للكتاب ، _c2014 . |
||
| 300 |
_a454 ص : _bايض ؛ _c24 سم . |
||
| 490 | 0 | _aالجيش المصري . | |
| 504 | _aببليوجرافية : ص387 -400 . | ||
| 651 | 0 | 7 |
_aمصر القديمة _xالجيش |
| 651 | 0 | 7 |
_aمصر القديمة _xالاحوال السياسية |
| 700 | 0 |
_aمختار السويفي _eمترجم . |
|
| 700 | 0 |
_aمحمد العزب موسى _eمترجم . |
|
| 700 | 0 |
_aمحمد جمال الدين مختار _eمراجع . |
|
| 942 |
_2ddc _cBK |
||
| 999 |
_c62700 _d62700 |
||